Elements of mercantile law: (Record no. 428)

MARC details
000 -LEADER
fixed length control field 00512nam a2200181 4500
001 - CONTROL NUMBER
control field 565
005 - DATE AND TIME OF LATEST TRANSACTION
control field 20181127161646.0
020 00 - INTERNATIONAL STANDARD BOOK NUMBER
International Standard Book Number 8180546938
090 00 - LOCALLY ASSIGNED LC-TYPE CALL NUMBER (OCLC); LOCAL CALL NUMBER (RLIN)
Classification number (OCLC) (R) ; Classification number, CALL (RLIN) (NR) 364.07 K176e 2009
100 00 - MAIN ENTRY--PERSONAL NAME
Personal name Kapoor, N. D.
245 00 - TITLE STATEMENT
Title Elements of mercantile law:
Remainder of title Including company law and industrial law /
Statement of responsibility, etc. N. D. Kapoor
Medium
250 00 - EDITION STATEMENT
Edition statement 29th ed.
260 00 - PUBLICATION, DISTRIBUTION, ETC.
Place of publication, distribution, etc. New Delhi :
Name of publisher, distributor, etc. Sultan Chand & Sons,
Date of publication, distribution, etc. 2009.
500 00 - GENERAL NOTE
General note
650 00 - SUBJECT ADDED ENTRY--TOPICAL TERM
Topical term or geographic name entry element
General subdivision
Topical term or geographic name entry element Commercial law --India.
General subdivision
Topical term or geographic name entry element Labor laws and legislation --India.
General subdivision
Holdings
Withdrawn status Lost status Source of classification or shelving scheme Damaged status Not for loan Collection code Home library Current library Shelving location Date acquired Cost, normal purchase price Serial Enumeration / chronology Inventory number Total Checkouts Full call number Barcode Checked out Date last seen Date last checked out Price effective from Koha item type
    Dewey Decimal Classification     Main TEST RTC Library RTC Library Main opac 21/07/2021 350.00 1233 1 364.07 KAP 30003957 11/06/2026 19/03/2026 19/03/2026 27/11/2018 Main
Royal Thimphu College || All Right Reserved